[Event "Milan SSM July"]
[Site "Milan"]
[Date "2015.07.05"]
[Round "5"]
[White "Brisotto, Stefano"]
[Black "Mollichella, Claudio"]
[Result "0-1"]
[WhiteElo "1464"]
[BlackElo "1428"]
[PlyCount "104"]
[EventDate "2015.07.02"]
[EventType "swiss"]
[EventRounds "5"]
[EventCountry "ITA"]
[SourceTitle "EXT 2024"]
[Source "ChessBase"]
[SourceDate "2023.10.10"]
[SourceVersion "1"]
[SourceVersionDate "2023.10.10"]
[SourceQuality "1"]

1. e4 e5 2. Nf3 Nc6 3. Bb5 a6 4. Bxc6 dxc6 5. 0-0 f6 6. d4 Bg4 7. h3 Bxf3 8. Qxf3 Bd6 9. dxe5 fxe5 10. Nc3 Qf6 11. Qe2 0-0-0 12. Be3 Qe7 13. a4 Nf6 14. a5 Rdg8 15. Qc4 g5 16. Na4 Nd7 17. Rfb1 g4 18. b4 gxh3 19. g3 h5 20. Nc5 Nb8 21. Qe6+ Qxe6 22. Nxe6 h4 23. Kh2 hxg3+ 24. fxg3 Be7 25. Rf1 Rg6 26. Nc5 Rhg8 27. Rf3 Nd7 28. Nd3 Bg5 29. Raf1 Bxe3 30. Rxe3 b6 31. Rf5 Rg5 32. Ref3 Rxf5 33. Rxf5 c5 34. axb6 cxb4 35. Nxb4 Rg4 36. Nxa6 cxb6 37. Nb4 Rxe4 38. Nd5 Re2+ 39. Kxh3 Rxc2 40. g4 Rc5 41. Nb4 e4 42. Rxc5+ bxc5 43. Nd5 Ne5 44. Kg3 Kd7 45. Kf4 Ke6 46. Ne3 Nxg4 47. Kxe4 Nxe3 48. Kxe3 Ke5 49. Kd3 Kd5 50. Kc3 c4 51. Kc2 Kd4 52. Kd2 c3+ 0-1